| 000 | 00704nam a2200241 a 4500 | ||
|---|---|---|---|
| 001 | 72392 | ||
| 003 | BD-RjUL | ||
| 005 | 20211209082245.0 | ||
| 008 | 170517s1979 ohua b 001 0 eng d | ||
| 020 | _a0675083125 | ||
| 035 | _a(BD-RjUL) 72609 | ||
| 040 |
_aDLC _cDLC _dDLC _dBD-RjUL _beng |
||
| 041 | _aeng | ||
| 082 | 0 | 0 |
_223 _a551 _bFOP 1979 |
| 100 | 1 |
_aFoster, Robert J. _q(Robert John), _d1929 April 19- _9209117 |
|
| 245 | 1 | 0 |
_aPhysical Geology / _cRobert J. Foster. |
| 250 | _a3rd ed. | ||
| 260 |
_aColumbus : _bC.E. Merrill Pub. Co., _cc1979. |
||
| 300 |
_axi, 447 p. : _bill.; _c29 cm. |
||
| 504 | _aIncludes bibliographies and index. | ||
| 650 | 0 |
_aPhysical geology. _9209118 |
|
| 942 |
_2ddc _cBK |
||
| 999 |
_c72392 _d72392 |
||